トカラ列島 有人島7島 - Statistics

General Stats
  • This quiz has been taken 92 times
  • The average score is 4 of 7
Answer Stats
人口 島名 % Correct
78 悪石島
95%
120 宝島
80%
54 小宝島
71%
142 中之島
54%
76 諏訪之瀬島
54%
99 口之島
43%
82 平島
38%
No matching quizzes found
Score Distribution
Percent of People with Each Score
Percentile by Number Answered
Your Score History
You have not taken this quiz